书目信息 |
| 题名: |
化工数学方法
|
|
| 作者: | 詹森 , Jenson , 杰弗里斯 , Jeffreys 著 ;邰德荣 译 | |
| 分册: | ||
| 出版信息: | 北京 化学工业出版社 1982 |
|
| 页数: | 590页 | |
| 开本: | 21cm | |
| 丛书名: | ||
| 单 册: | ||
| 中图分类: | TQ011 | |
| 科图分类: | ||
| 主题词: | 化学工业--基础理论 | |
| 电子资源: | ||
| ISBN: | ||
| 000 | 01002nam0 2200325 45 | |
| 001 | 0182006740 | |
| 005 | 20040518165308.9 | |
| 010 | @dCNY2.30 | |
| 091 | @b15063.3423 | |
| 100 | @a19950416d1982 em y0chiy0121 ea | |
| 101 | 1 | @achi@ceng |
| 102 | @aCN@b110000 | |
| 105 | @ay z 000yy | |
| 106 | @ar | |
| 200 | 10 | @a化工数学方法@Ahua gong shu xue fang fa@f(英)詹森(V.G. Jenson),(英)杰弗里斯(G.V. Jeffreys)著@g邰德荣等译 |
| 205 | @a2版 | |
| 210 | @a北京@c化学工业出版社@d1982 | |
| 215 | @a590页@d21cm | |
| 300 | @a书名原文:Mathematical Methods in Chemical Engineering | |
| 510 | 1 | @aMathematical Methods in Chemical Engineering@zeng |
| 606 | 0 | @a化学工业@x基础理论 |
| 690 | @aTQ011 | |
| 701 | 1 | @a詹森@Azhan sen@bV.G.@4著 |
| 701 | A1 | @aJenson@bV.G.@4著 |
| 701 | 1 | @a杰弗里斯@Ajie fu li si@bG.V.@4著 |
| 701 | A1 | @aJeffreys@bG.V.@4著 |
| 702 | 0 | @a邰德荣@Atai de rong@4译 |
| 801 | 0 | @aCN@b上海图书馆@c20040518 |
| 801 | 2 | @aCN@bNLC@c20040518 |
| 905 | @f2@b104561-562@dTQ011@e11-2 | |
| 化工数学方法/(英)詹森(V.G. Jenson),(英)杰弗里斯(G.V. Jeffreys)著/邰德荣等译.-2版.-北京:化学工业出版社,1982 |
| 590页;21cm |
| 书名原文:Mathematical Methods in Chemical Engineering |
| ISBN :CNY2.30 |
| ● |
| 相关链接 |
|
|
|
|
正题名:化工数学方法
索取号:TQ011/11-2
 
预约/预借
| 序号 | 登录号 | 条形码 | 馆藏地/架位号 | 状态 | 备注 |
| 1 | 0104561 | 001646570 | 密集书库/ [索取号:TQ011/11-2] | 在馆 | |
| 2 | 0104562 | 001646605 | 第三借阅区/ [索取号:TQ011/11-2] | 在馆 | |
| 3 | 0104563 | 001646650 | 第二样本阅览室/ [索取号:TQ011/11-2] | 在馆 |